How Judges Think (Record no. 1312696)
[ view plain ]
| 000 -LEADER | |
|---|---|
| fixed length control field | 00534nam a2200217Ia 4500 |
| 003 - CONTROL NUMBER IDENTIFIER | |
| control field | OSt |
| 005 - DATE AND TIME OF LATEST TRANSACTION | |
| control field | 20250529130956.0 |
| 008 - FIXED-LENGTH DATA ELEMENTS--GENERAL INFORMATION | |
| fixed length control field | 008 250505s9999 xx 000 0 eng d |
| 020 ## - INTERNATIONAL STANDARD BOOK NUMBER | |
| International Standard Book Number | 9780674241220 |
| 040 ## - CATALOGING SOURCE | |
| Original cataloging agency | ILCL |
| Language of cataloging | eng |
| Transcribing agency | ILCL |
| 041 ## - LANGUAGE CODE | |
| Language code of text/sound track or separate title | eng |
| Source of code | eng |
| 082 ## - DEWEY DECIMAL CLASSIFICATION NUMBER | |
| Assigning agency | ILCL |
| 084 ## - COLON CLASSIFICATION NUMBER | |
| Classification number | Z73,91 P8 |
| 100 ## - MAIN ENTRY--PERSONAL NAME | |
| Personal name | Posner, Richard A |
| 245 #0 - TITLE STATEMENT | |
| Title | How Judges Think |
| 260 ## - PUBLICATION, DISTRIBUTION, ETC. | |
| Place of publication, distribution, etc. | England |
| Name of publisher, distributor, etc. | Harvard University Press |
| Date of publication, distribution, etc. | 2008 |
| 300 ## - PHYSICAL DESCRIPTION | |
| Extent | v,387p. |
| 365 ## - TRADE PRICE | |
| Price type code | INR |
| 942 ## - ADDED ENTRY ELEMENTS (KOHA) | |
| Koha item type | Textbook |
| Source of classification or shelving scheme | |
| Suppress in OPAC | No |
| Withdrawn status | Lost status | Source of classification or shelving scheme | Damaged status | Not for loan | Home library | Current library | Source of acquisition | Cost, normal purchase price | Inventory number | Total Checkouts | Full call number | Barcode | Date due | Date last seen | Date last checked out | Price effective from | Koha item type |
|---|---|---|---|---|---|---|---|---|---|---|---|---|---|---|---|---|---|
| Colon Classification (CC) | Integrated Law Course library | Integrated Law Course library | Singhal Publications | 999.00 | 2540 dt. 26-06-2024 | 1 | Z73,91 P8 | IL1863856 | 2026-04-09 | 2026-03-10 | 2026-03-10 | 2025-05-06 | Textbook | ||||
| Colon Classification (CC) | Integrated Law Course library | Integrated Law Course library | Singhal Publications | 999.00 | 2540 dt. 26-06-2024 | Z73,91 P8 | IL1863857 | 2025-05-06 | 2025-05-06 | Textbook |
